| 000 | 01953nam a22001937a 4500 | ||
|---|---|---|---|
| 005 | 20250514165958.0 | ||
| 008 | 250514b |||||||| |||| 00| 0 eng d | ||
| 020 | _a9780030223778 | ||
| 050 |
_aHF5549 _bANT |
||
| 100 | _aAnthony P. William | ||
| 245 |
_aHuman resource management; _ba strategic approach |
||
| 250 | _a3rd | ||
| 260 |
_aPhiladelphia _bHarcourt Harcourt, Inc. t _cc1999 |
||
| 300 | _axxi, 904p | ||
| 700 | _aPamela L. Perrewe | ||
| 700 | _aKacmar, Michele K. | ||
| 700 | _aKarmar Michele K | ||
| 942 |
_2lcc _cBK _n0 |
||
| 999 |
_c5770 _d5770 |
||